| 000 | 00775nam a22001937a 4500 | ||
|---|---|---|---|
| 999 |
_c371634 _d371634 |
||
| 008 | 201127b ||||| |||| 00| 0 eng d | ||
| 040 |
_aDE-2950 _bger _cDE-2950 _erda |
||
| 041 | _ager | ||
| 245 |
_aZ-Symbol und Hassnachricht. _bUkraine-Krieg. Im Wohnheim des Studentenwerks am Mühlenweg leben Studierende aus allen Nationen. In letzter Zeit gab es mehrere Konfliktherde / _cJacqueline Westermann |
||
| 264 | _c2022 | ||
| 653 | _aEuropa-Universität Viadrina | ||
| 653 | _aStudierende | ||
| 653 | _aPolitische Konflikte | ||
| 773 |
_dFrankfurt (Oder) Märkisches Verlags- und Druckhaus GmbH & Co KG _tMärkische Oderzeitung _g33. Jahrgang (2022) Nr. 118 vom 21./22.05.2022, S. 15 |
||
| 942 | _cA | ||